Кабели силовые с изоляцией из сшитого полиэтилена на напряжение 1, 10, 20, 35 КВ (Запись № 1585688)
[ простой вид ]
| 000 -МАРКЕР | |
|---|---|
| контрольное поле | 01199nam0a2200277 4500 |
| 001 - ИДЕНТИФИКАТОР ЗАПИСИ | |
| контрольное поле | RU\NLR\bibl\880114 |
| 005 - ИДЕНТИФИКАТОР ВЕРСИИ | |
| контрольное поле | 20260407083125.0 |
| 021 ## - НОМЕР ГОСУДАРСТВЕННОЙ РЕГИСТРАЦИИ | |
| Код страны | Российская Федерация |
| Номер | 2005-66781 |
| Номер Листа государственной регистраци | 3289 |
| 035 ## - ДРУГИЕ СИСТЕМНЫЕ НОМЕРА | |
| Идентификатор записи | (NLR Aleph) 000868687 |
| 100 ## - ДАННЫЕ ОБЩЕЙ ОБРАБОТКИ | |
| Данные общей обработки | 20051128d2005 |||y0rusy50 ca |
| 101 0# - ЯЗЫК РЕСУРСА | |
| Язык текста, звукозаписи и т.д. | русский |
| 102 ## - СТРАНА ПУБЛИКАЦИИ ИЛИ ПРОИЗВОДСТВА | |
| Страна публикации | Российская Федерация |
| 105 ## - ПОЛЕ КОДИРОВАННЫХ ДАННЫХ: ТЕКСТОВЫЕ МАТЕРИАЛЫ, МОНОГРАФИЧЕСКИЕ | |
| Кодированные данные о монографическом текстовом документе | a ||||||||| |
| 200 1# - ЗАГЛАВИЕ И СВЕДЕНИЯ ОБ ОТВЕТСТВЕННОСТИ | |
| Основное заглавие | Кабели силовые с изоляцией из сшитого полиэтилена на напряжение 1, 10, 20, 35 КВ |
| Сведения, относящиеся к заглавию | [каталог] |
| Первые сведения об ответственности | ОАО "Электрокабель" Кольчугинский завод" |
| 205 ## - СВЕДЕНИЯ ОБ ИЗДАНИИ | |
| Сведения об издании | Изд. 1-е |
| Дополнительные сведения об издании | [ред. 2005 г.] |
| 210 ## - ПУБЛИКАЦИЯ, РАСПРОСТРАНЕНИЕ И ДР. | |
| Место издания, распространения и т.д. | Владимир |
| Имя издателя, распространителя и т. д. | Аркаим |
| Дата издания, распространения и т.д. | 2005 |
| 215 ## - ФИЗИЧЕСКАЯ ХАРАКТЕРИСТИКА | |
| Специфическое обозначение материала и объем | 40 с. |
| Другие сведения о физической характеристике | цв. ил. |
| Размеры | 30 |
| 606 1# - НАИМЕНОВАНИЕ ТЕМЫ КАК ПРЕДМЕТ | |
| Наименование темы | Силовые кабели с полиэтиленовой изоляцией |
| Формальный подзаголовок | Каталоги |
| Системный номер авторитетной/нормативной записи | 2410490 |
| Идентификатор авторитетной/нормативной записи | RU\NLR\auth\661436249 |
| 686 ## - ИНДЕКСЫ ДРУГИХ КЛАССИФИКАЦИЙ | |
| Индекс | З232.323я87 |
| 711 02 - НАИМЕНОВАНИЕ ОРГАНИЗАЦИИ - АЛЬТЕРНАТИВНАЯ ОТВЕТСТВЕННОСТЬ | |
| Начальный элемент ввода | "Электрокабель" Кольчугинский завод", открытое акционерное общество |
| Идентификатор авторитетной/нормативной записи | RU\NLR\AUTH\8810043971 |
| Системный номер авторитетной/нормативной записи | 587400 |
| 801 #0 - ИСТОЧНИК ЗАПИСИ | |
| Страна | Российская Федерация |
| Организация | NLR |
| Дата составления | 20051128 |
| Правила каталогизации | rcr |
| 801 #1 - ИСТОЧНИК ЗАПИСИ | |
| Страна | Российская Федерация |
| Организация | NLR |
| Дата составления | 20051128 |
| 942 ## - ДОПОЛНИТЕЛЬНЫЕ ЭЛЕМЕНТЫ ЗАПИСИ (АБИС) | |
| Тип экземпляра АБИС | Книга |
| 980 ## - КОЛЛЕКЦИЯ | |
| Название коллекции | Национальная библиография |
| Тип экземпляра | Дата поступления | Источник поступления | Библиотека постоянного хранения | Библиотека текущего хранения | Место хранения | Шифр хранения | Штрих-код | Статус экземпляра |
|---|---|---|---|---|---|---|---|---|
| Книга | 28.11.2005 | Обязательный экземпляр | РНБ (Московский) | РНБ (Московский) | Фонд нормативно-технических и технических документов | Пт 2005-2/119 | 1-706272 | |
| Книга | 28.11.2005 | Обязательный экземпляр | РНБ (Московский) | РНБ (Московский) | Фонд нормативно-технических и технических документов, подручный | Пт 2005-2/119 | 1-706273 |